| Tag |
First Indicator |
Second Indicator |
Subfields |
| LEADER |
00000cam a2200000 a 4500 |
| 001 |
in00000890749 |
| 005 |
20150923140528.0 |
| 007 |
hd afv---baca |
| 007 |
hd bfv---baaa |
| 008 |
860523s1654 miu a 00110 eng d |
| 035 |
|
|
|a (OCoLC)13640527
|
| 035 |
|
|
|9 AEL4486AM
|
| 037 |
|
|
|a CL0037000034
|b University Microfilms International
|
| 037 |
|
|
|b University Microfilms International, 300 N. Zeeb Rd., Ann Arbor, MI 48106
|
| 040 |
|
|
|a EAF
|c EAF
|d m/c
|d UtOrBLW
|
| 043 |
|
|
|a e-uk-en
|
| 049 |
|
|
|a TXAI
|
| 090 |
|
|
|a SB97
|b .P52 1654
|
| 099 |
|
|
|a film
|a B
|a 3609
|
| 100 |
1 |
|
|a Plat, Hugh,
|c Sir,
|d 1552-1608?
|
| 245 |
1 |
4 |
|a The Garden of Eden, or, An accurate description of all flowers and fruits now growing in England :
|b with particular rules how to advance their nature and growth, as well in seeds and herbs, as the secret ordering of trees and plants /
|c by that learned and great observer, Sir Hugh Plat.
|
| 250 |
|
|
|a The fourth edition.
|
| 264 |
|
3 |
|a London :
|b Printed for William Leake ...,
|c 1654.
|
| 300 |
|
|
|a 175 pages
|
| 336 |
|
|
|a text
|b txt
|2 rdacontent
|
| 337 |
|
|
|a microform
|b h
|2 rdamedia
|
| 338 |
|
|
|a microfilm reel
|b hd
|2 rdacarrier
|
| 500 |
|
|
|a Engraved frontispiece.
|
| 500 |
|
|
|a Dedication signed: Charles Bellingham.
|
| 500 |
|
|
|a Includes index.
|
| 500 |
|
|
|a Imperfect: pages cropped, stained, with loss of print.
|
| 500 |
|
|
|a Reproduction of original in the Cambridge University Library.
|
| 510 |
4 |
|
|a Wing
|c P2386
|
| 533 |
|
|
|a Microfilm.
|b Ann Arbor, Mich. :
|c University Microfilms International,
|d 1980
|e 1 microfilm reel ; 35 mm.
|f (Early English books, 1641-1700 : 1040:3)
|
| 500 |
|
|
|a Microform.
|
| 650 |
|
0 |
|a Gardening
|v Early works to 1800.
|
| 650 |
|
0 |
|a Fruit-culture
|z Great Britain.
|
| 700 |
1 |
|
|a Bellingham, Charles.
|
| 740 |
3 |
|
|a An accurate description of all flowers and fruits now growing in England.
|
| 740 |
4 |
|
|a The garden of Eden.
|
| 830 |
|
0 |
|a Early English books, 1641-1700 ;
|v 1040:3.
|
| 999 |
|
|
|a MARS
|
| 999 |
f |
f |
|s 0bd2ecc6-3414-39c7-af68-0d279b0f5c3b
|i 90c1237d-4586-32c2-8a87-6347c033f045
|t 0
|
| 952 |
f |
f |
|p default
|a Texas A&M University
|b College Station
|c Sterling C. Evans Library
|d Evans: Microforms (3rd floor)
|t 0
|e film B 3609 1040:3
|h Other scheme
|i microform -- microfilm reel
|
| 998 |
f |
f |
|a film B 3609 1040:3
|t 0
|l Evans: Microforms (3rd floor)
|